000 00923nam0a22002531 4500
001 rc\4294848
005 20260406143259.0
021 _aRU
_b[57-60821]
035 _a(NLR Aleph) 008254264
090 _a8355766
_c8355766
100 _a20130416d1957 |||y0rusy50 ca
101 0 _arus
102 _aRU
105 _aa z |||||
200 1 _aУченые записки
_e[Сборник статей]
_fМ-во просвещения Узб. ССР. Бухар. гос. пед. ин-т им. С. Орджоникидзе
210 _aТашкент
_cБ. и.
_d1957
215 _a148 с.
_cил.
_d27
320 _aБиблиогр. в конце статей
710 0 2 _aБухарский педагогический институт им. С. Орджоникидзе
_9340958
_3RU\NLR\AUTH\889922486
801 0 _aRU
_bNLR
_gpsbo
801 1 _aRU
_bELAR
_2rusmarc
852 _aNLR
_j57-7/2412
942 _cBOOK
980 _aNB